Igricove spevy /

Uložené v:
Podrobná bibliografia
Hlavný autor: Beniak, Valentín, 1894-1973 (Author)
Médium: Kniha
Jazyk:Slovak
Vydané: Bratislava : Slovenský spisovateľ, 1981.
Vydanie:1. vyd.
Edícia:Vybrané spisy Valentína Beniaka ; zv. 3
ISBN: (viaz.)
Fyzický popis: 250 s.
Tagy: Pridať tag
Žiadne tagy, Buďte prvý kto otaguje tento záznam!

MARC

LEADER 00000nam a2200000 4500
001 000218721
005 20091116182850.0
008 931025s1981 xo e 000 0 slo d
020 |a (viaz.) 
040 |a SVKKK  |b slo  |c SVKKK  |e AACR2 
041 0 |a slo 
044 |a xo  |c SK 
100 1 |a Beniak, Valentín,  |d 1894-1973  |4 aut 
245 1 0 |a Igricove spevy /  |c Valentín Beniak. 
250 |a 1. vyd. 
260 |a Bratislava :  |b Slovenský spisovateľ,  |c 1981. 
300 |a 250 s. 
490 1 |a Vybrané spisy Valentína Beniaka ;  |v zv. 3 
830 0 |a Vybrané spisy Valentína Beniaka ;  |v zv. 3 
910 |a svkkk 
998 |a BK 
090 |g SCKHL  |k Sklad Pribinova 2. posch.  |a II.264089  |j 632688  |i 2720262854  |s Povinný výt.